Relación sobre la pacificación de las provincias del Manché i Lacandon / (Registro nro. 91058)

Detalles MARC
000 -LEADER
campo de control de longitud fija 00836nam a2200229 i 4500
001 - NÚMERO DE CONTROL
campo de control 91058
003 - IDENTIFICADOR DE NÚMERO DE CONTROL
campo de control ES-MaACL
005 - FECHA Y HORA DE LA ÚLTIMA TRANSACCIÓN
campo de control 20251118191408.0
007 - CAMPO FIJO DE DESCRIPCIÓN FÍSICA--INFORMACIÓN GENERAL
campo de control de longitud fija t|
008 - DATOS DE LONGITUD FIJA--INFORMACIÓN GENERAL
campo de control de longitud fija 050126s1958 sp ||||1| spa d
100 1# - ENTRADA PRINCIPAL--NOMBRE DE PERSONA
Nombre de persona León Pinelo, Antonio de.
9 (RLIN) 71636
245 10 - MENCIÓN DEL TÍTULO
Título Relación sobre la pacificación de las provincias del Manché i Lacandon /
Mención de responsabilidad, etc. por Antonio de León Pinelo ; con una introducción por Jaime Delgado.
250 ## - MENCION DE EDICION
Mención de edición 2ª ed.
260 ## - PUBLICACIÓN, DISTRIBUCIÓN, ETC.
Lugar de publicación, distribución, etc. Madrid :
Nombre del editor, distribuidor, etc. José Porrúa Turanzas,
Fecha de publicación, distribución, etc. 1958 (
Fabricante Minerva)
300 ## - DESCRIPCIÓN FÍSICA
Extensión XXXII, 44 p. ;
Dimensiones 16 cm.
650 #4 - PUNTO DE ACCESO ADICIONAL DE MATERIA--TÉRMINO DE MATERIA
Término de materia o nombre geográfico como elemento de entrada Mayas.
9 (RLIN) 146359
651 #4 - PUNTO DE ACCESO ADICIONAL DE MATERIA--NOMBRE GEOGRÁFICO
Nombre geográfico Guatemala-
Subdivisión general Descubrimientos y exploraciones-
-- Españoles.
9 (RLIN) 168245
651 #4 - PUNTO DE ACCESO ADICIONAL DE MATERIA--NOMBRE GEOGRÁFICO
Nombre geográfico Guatemala-
Subdivisión general Historia-
Subdivisión cronológica Hasta 1821.
9 (RLIN) 8803
700 1# - ENTRADA AGREGADA--NOMBRE PERSONAL
Nombre de persona Delgado, Jaime,
Fechas asociadas al nombre 1923-1993
9 (RLIN) 168244
852 ## - LOCALIZACIÓN
Ubicación ES-MaACL
Número de control de estantería C-18109
Sublocalización o colección R.43672
Existencias
Estatus retirado Estado de pérdida Estado de daño No para préstamo Biblioteca de origen Biblioteca actual Ubicación en estantería Fecha de adquisición Fuente de adquisición Total de préstamos Signatura topográfica completa Código de barras Visto por última vez Precio de reemplazo Tipo de ítem Koha
        Biblioteca del Ateneo de Madrid Biblioteca del Ateneo de Madrid Galería 17/01/2008     C-18109 1095069 23/02/2023 23/02/2023 Libro impreso